| 000 | 00769nam a2200181 a 4500 | ||
|---|---|---|---|
| 008 | 120416s1996 ||||||||||||||||| || u | ||
| 050 | _aSD 411 Car | ||
| 100 | _aKorilahti, Eeva | ||
| 245 | 1 | 0 | _aCaring for the forest |
| 246 | _aresearch in a changing world | ||
| 246 | _aCongress Report, Volume 1. | ||
| 260 |
_aFinland _bThe Finnish IUFRO World Congress Organis _c1996 |
||
| 350 | _a0.00 | ||
| 700 | _aSalonen, Tommi | ||
| 700 | _aMikkela, Heli | ||
| 995 |
_aANNEX COLLECTION (Main Library) _D0.00 _e731645 _FCBU-MAIN LIBRARY (Kitwe) _H2 _I27.00 _jSD 411 Car _M1 _UAVAILABLE _y028791 _ZAnnex Low-Usage Collection |
||
| 995 |
_aANNEX COLLECTION (Main Library) _D0.00 _e731487 _FCBU-MAIN LIBRARY (Kitwe) _H1 _I27.00 _jSD 411 Car _M1 _UAVAILABLE _y028708 _ZAnnex Low-Usage Collection |
||
| 999 |
_c78034 _d78034 |
||